[Event "COL-chT Blitz"]
[Site "Santa Marta"]
[Date "2022.11.07"]
[Round "4.3"]
[White "Soto, Leonardo"]
[Black "Mateus Urbano, Luis Alejandro"]
[Result "0-1"]
[WhiteElo "2104"]
[BlackElo "2202"]
[PlyCount "81"]
[EventDate "2022.11.07"]
[EventType "team-swiss"]
[EventRounds "9"]
[EventCountry "COL"]
[SourceTitle "CBM 211 Extra"]
[Source "ChessBase"]
[SourceDate "2023.01.31"]
[SourceVersion "1"]
[SourceVersionDate "2023.01.31"]
[SourceQuality "1"]
[WhiteTeam "Casanare"]
[BlackTeam "Valle II"]
[WhiteTeamCountry "COL"]
[BlackTeamCountry "COL"]

1. d4 d5 2. Nf3 Nf6 3. Bf4 c5 4. e3 Nc6 5. Bd3 cxd4 6. exd4 Bg4 7. c3 e6 8. Nbd2 Bd6 9. Bxd6 Qxd6 10. 0-0 0-0 11. Re1 Rab8 12. Qb3 Bxf3 13. Nxf3 Nd7 14. Re2 b5 15. Rae1 b4 16. Qc2 h6 17. c4 dxc4 18. Bxc4 Kh8 19. Qe4 Nf6 20. Qh4 Rbd8 21. Rd2 Na5 22. Bd3 Qd5 23. b3 Nc6 24. Bc4 Qf5 25. h3 Nd5 26. Bd3 Qf4 27. Be4 Qxh4 28. Nxh4 Nce7 29. Rc1 Nc3 30. Bb7 Rd7 31. Ba6 Rfd8 32. Nf3 Nf5 33. a3 Nd5 34. axb4 Nxb4 35. Bc4 Nxd4 36. Nxd4 Rxd4 37. Re2 Kg8 38. Kh2 Kf8 39. Bb5 Rd2 40. Rc7 Rxe2 41. Bc4 0-1

[Event "COL-chT"]
[Site "Santa Marta"]
[Date "2022.11.02"]
[Round "1.1"]
[White "Soto, Leonardo"]
[Black "Cardoso Cardoso, Jose Gabriel"]
[Result "0-1"]
[WhiteElo "1885"]
[BlackElo "2483"]
[PlyCount "50"]
[EventDate "2022.11.02"]
[EventType "team-swiss"]
[EventRounds "7"]
[EventCountry "COL"]
[SourceTitle "CBM 211 Extra"]
[Source "ChessBase"]
[SourceDate "2023.01.31"]
[SourceVersion "1"]
[SourceVersionDate "2023.01.31"]
[SourceQuality "1"]
[WhiteTeam "Casanare"]
[BlackTeam "Valle"]
[WhiteTeamCountry "COL"]
[BlackTeamCountry "COL"]

1. e4 c5 2. Nf3 d6 3. c3 Nf6 4. Bc4 e6 5. Qe2 Nc6 6. d3 Be7 7. 0-0 d5 8. Bb3 b6 9. Re1 0-0 10. Nbd2 Ba6 11. e5 Nd7 12. Nf1 c4 13. dxc4 Nc5 14. Ne3 Na5 15. Bc2 dxc4 16. Nd4 Qc7 17. Ng4 Nc6 18. Bf4 Rad8 19. Nf6+ Bxf6 20. Nxc6 Qxc6 21. exf6 g6 22. Qg4 Bb7 23. f3 Rd5 24. Be5 Nd7 25. Qg5 Qc5+ 0-1